Oxford readings in Homer's Iliad (Registro nro. 64879)

Detalles MARC
000 -ENCABEZADO
Número de control [NR] 01055nam a2200277Ia 4500
008 - DE LONGITUD FIJA DE DATOS DE ELEMENTOS - INFORMACIÓN GENERAL
Elementos de longitud fija [NR] 130821s2001 enk gr eng
020 ## - NUMERO INTERNACIONAL NORMALIZADO PARA LIBROS [R]
Número Internacional Normalizado del libro [NR] 198721838
020 ## - NUMERO INTERNACIONAL NORMALIZADO PARA LIBROS [R]
Número Internacional Normalizado del libro [NR] 9780198721826
040 ## - FUENTE DE CATALOGACION [NR]
Agencia de catalogación original [NR] Co-BoUCM
Idioma de catalogación [NR] spa
041 00 - CODIGO DE IDIOMA [R]
Código de idioma para texto/pista de sonido o título separado [R] Inglés
245 00 - MENCION DE TITULO [NR]
Título [NR] Oxford readings in Homer's Iliad
Mención de responsabilidad, etc. [NR] editado por Douglas L. Cairns
246 10 - FORMA VARIANTE DEL TITULO [R]
Título propiamente dicho/forma breve del título [NR] Homer's Iliad
260 ## - PUBLICACION, DISTRIBUCION, ETC. (PIE DE IMPRENTA) [R]
Lugar de publicación, distribución, etc. [R] Oxford (Oxfordshire, Inglaterra)
Nombre del editor, distribuidor, etc. [R] Oxford University Press
Fecha de publicación, distribución, etc. [R] 2001
300 ## - DESCRIPCION FISICA [R]
Extensión [R] xii, 503 páginas
490 #0 - MENCION DE SERIE [R]
Mención de serie [R] [Oxford readings in classical studies]
504 ## - NOTA DE BIBLIOGRAFIA, ETC. [R]
Nota de bibliografía, etc. [NR]
600 14 - ASIENTO SECUNDARIO DE MATERIA - NOMBRE PERSONAL [R]
Nombre personal [NR] Homero
Fechas asociadas con el nombre [NR] Ca siglo VIII a. C.
Subdivisión general [R] Crítica e interpretación, etc.
9 (RLIN) 677
650 04 - ASIENTO SECUNDARIO DE MATERIA - TERMINO TEMATICO [R]
Término temático o nombre geográfico como elemento de entrada [NR] Filosofía antigua
Subdivisión general [R] Historia
9 (RLIN) 15727
650 04 - ASIENTO SECUNDARIO DE MATERIA - TERMINO TEMATICO [R]
Término temático o nombre geográfico como elemento de entrada [NR] Literatura
9 (RLIN) 18599
650 04 - ASIENTO SECUNDARIO DE MATERIA - TERMINO TEMATICO [R]
Término temático o nombre geográfico como elemento de entrada [NR] Persuasión (Retorica)
9 (RLIN) 21457
650 04 - ASIENTO SECUNDARIO DE MATERIA - TERMINO TEMATICO [R]
Término temático o nombre geográfico como elemento de entrada [NR] Poesía épica griega
9 (RLIN) 21803
700 1# - ASIENTO SECUNDARIO - NOMBRE PERSONAL [R]
Nombre personal [NR] Cairns, Douglas L.
Término de relación [R]
9 (RLIN) 166274
856 42 - LOCALIZACION Y ACCESO ELECTRONICOS [R]
Nota dirigida al público [R] Tabla de Contenido
Identificador Uniforme del Recurso (“URI”) [R] <a href="http://www.loc.gov/catdir/enhancements/fy0613/2002280922-t.html">http://www.loc.gov/catdir/enhancements/fy0613/2002280922-t.html</a>
942 ## - ELEMENTOS DE ENTRADA AGREGADOS (KOHA)
Tipo de ítem principal el descrito en 300a Libro
Tema principal Literatura
Edición 1
Parte restante de la signatura top. O982
Sistema de clasificación DEWEY
Clasificación 883.02
Título oculto en OPAC No
Existencias
Fecha de último préstamo Total préstamos Signatura topográfica Código de barras Última vez visto Ejemplar Price effective from Tipo de ítem Perdido Sistema de clasificación Dañado No prestable Tipo de ítem específico Suprimido Ubicación habitual Ubicación actual Localización Fecha de creación Forma de adquisición Costo
04/09/2013 5 883.02 O982 100105307 09/12/2025 Ej.1 03/02/2013 Libro   DEWEY     Libro   Claustro Claustro 2do piso 28/02/2010 Compra 176000.00